Video Games by Countries #2 - Statistics

General Stats
  • This quiz has been taken 29 times
  • The average score is 7 of 15
Answer Stats
Hint Answer % Correct
The Saboteur France
87%
South Park: Stick of Truth Canada
83%
Assassin's Creed Origin Egypt
83%
Amnesia: The Dark Descent Germany
65%
My Summer Car Finland
48%
Battlefield 2 China
43%
The Hunter: Call of the Wild South Africa
43%
Dirt 4 Sweden
39%
Hitman 3 Argentina
30%
Grid Legends Australia
30%
Just Cause 2 Indonesia
30%
Call of Duty: Advanced Warfare Iraq
30%
Euro Truck Simulator 2 Netherlands
26%
Call of Duty Black Ops 2 Nicaragua
17%
Halo 3 Kenya
9%
No matching quizzes found
Score Distribution
Percent of People with Each Score
Percentile by Number Answered
Your Score History
You have not taken this quiz